000
00328nam a2200145Ia 4500
100
_a
AICTE
942
_c
BK
654
_a
satellite TV
245
_a
Satellite TV C-NO : 345
260
_b
Continuing Education Programmer AICTE
_a
Bangalore
082
_a
621.388
_b
AICTE
300
_a
62
546
_a
ENGLISH
999
_c
24700
_d
24700